Environing Media (Record no. 93257)

MARC details
000 -LEADER
fixed length control field 01093nam a2200301Ii 4500
008 - FIXED-LENGTH DATA ELEMENTS--GENERAL INFORMATION
fixed length control field 221202s xx 000 0 und d
245 #0 - TITLE STATEMENT
Title Environing Media
264 ## - PRODUCTION, PUBLICATION, DISTRIBUTION, MANUFACTURE, AND COPYRIGHT NOTICE
Name of producer, publisher, distributor, manufacturer Taylor & Francis
Date of production, publication, distribution, manufacture, or copyright notice 2023
300 ## - PHYSICAL DESCRIPTION
Extent 1 online resource (198 pages)
336 ## - CONTENT TYPE
Content type term text
Content type code txt
Source rdacontent
337 ## - MEDIA TYPE
Media type term computer
Media type code c
Source rdamedia
338 ## - CARRIER TYPE
Carrier type term online resource
Carrier type code cr
Source rdacarrier
490 ## - SERIES STATEMENT
Series statement Routledge Environmental Humanities
520 ## - SUMMARY, ETC.
Summary, etc. Anthropocene; Environment and sustainability; Environmental humanities; Environmental media; Indigenous; Media studies;
653 ## - INDEX TERM--UNCONTROLLED
Uncontrolled term Environment And Sustainability
653 ## - INDEX TERM--UNCONTROLLED
Uncontrolled term Environmental Humanities
653 ## - INDEX TERM--UNCONTROLLED
Uncontrolled term Environmental Media
653 ## - INDEX TERM--UNCONTROLLED
Uncontrolled term Indigenous
653 ## - INDEX TERM--UNCONTROLLED
Uncontrolled term Anthropocene
700 1# - ADDED ENTRY--PERSONAL NAME
Personal name 0000-0002-8532-0876
700 1# - ADDED ENTRY--PERSONAL NAME
Personal name 0000-0003-2616-5826
700 1# - ADDED ENTRY--PERSONAL NAME
Personal name 600
700 1# - ADDED ENTRY--PERSONAL NAME
Personal name 600
700 1# - ADDED ENTRY--PERSONAL NAME
Personal name Gärdebo, Johan
700 1# - ADDED ENTRY--PERSONAL NAME
Personal name Wickberg, Adam
856 ## - ELECTRONIC LOCATION AND ACCESS
Uniform Resource Identifier <a href="https://docs.google.com/spreadsheets/d/1yKIrdCPDAG_9c22mwoOIO2DOhtj65Wqa/edit?usp=sharing&ouid=106555315294820607512&rtpof=true&sd=true ">https://docs.google.com/spreadsheets/d/1yKIrdCPDAG_9c22mwoOIO2DOhtj65Wqa/edit?usp=sharing&ouid=106555315294820607512&rtpof=true&sd=true </a>
Link text List of Curated E-Books
942 ## - ADDED ENTRY ELEMENTS (KOHA)
Koha item type E-Book

No items available.

University of Rizal System
Email us at univlibservices@urs.edu.ph

Visit our Website www.urs.edu.ph/library